Dashing through the snow : a Christmas comedy in two acts /

Bibliographic Details
Main Author: Jones, Jessie
Other Authors: Hope, Nicholas, 1954-, Wooten, Jamie
Format: Book
Language:English
Published: New York : Dramatists Play Service, [2011]
Subjects:

MARC

Tag First Indicator Second Indicator Subfields
LEADER 00000cam a2200000Ia 4500
001 in00002704721
005 20151202143107.0
008 110620s2011 nyu 001 0 eng d
020 |a 0822225182 
020 |a 9780822225188 
035 |a (OCoLC)ocn731901466 
035 |a (OCoLC)731901466 
040 |a YDXCP  |c YDXCP  |d BWX  |d TXA  |d UtOrBLW 
049 |a TXAM 
090 |a PS3560.O4927  |b D37 2011 
100 1 |a Jones, Jessie. 
245 1 0 |a Dashing through the snow :  |b a Christmas comedy in two acts /  |c by Jessie Jones, Nicholas Hope, Jamie Wooten. 
264 1 |a New York :  |b Dramatists Play Service,  |c [2011] 
264 4 |c ©2011 
300 |a 60 pages ;  |c 20 cm. 
336 |a text  |b txt  |2 rdacontent 
337 |a unmediated  |b n  |2 rdamedia 
338 |a volume  |b nc  |2 rdacarrier 
650 0 |a Christmas plays, American. 
700 1 |a Hope, Nicholas,  |d 1954- 
700 1 |a Wooten, Jamie. 
945 |a PromptCat  |b 582598 
946 |a stk 
947 |a A14840458787 
994 |a C0  |b TXA 
948 |a cataloged  |b h  |c 2011/9/19  |d c  |e nbehmer  |f 2:17:54 pm 
999 |a MARS 
999 f f |s 51c162ac-27f4-3380-ba60-83ae60f3d953  |i daeda1bc-ab95-301b-bf53-a0c443d5f8ba  |t 0 
952 f f |p normal  |a Texas A&M University  |b College Station  |c Sterling C. Evans Library  |d Evans: Library Stacks  |t 0  |e PS3560.O4927 D37 2011  |h Library of Congress classification  |i unmediated -- volume  |m A14840458787 
998 f f |a PS3560.O4927 D37 2011  |t 0  |l Evans: Library Stacks